Catálogo
 En Linea

Mi portera, París y el arte : (Registro nro. 39698)

Detalles MARC
000 -CABECERA
campo de control de longitud fija 00483nam a2200157 a 4500
001 - NÚMERO DE CONTROL
campo de control 000040208
005 - FECHA Y HORA DE LA ÚLTIMA TRANSACCIÓN
campo de control 20201002034001.0
008 - DATOS DE LONGITUD FIJA--INFORMACIÓN GENERAL
campo de control de longitud fija 130815s1957 sp 000 0 spa d
040 ## - FUENTE DE LA CATALOGACIÓN
Centro catalogador/agencia de origen DO-SdBNP
Lengua de catalogación spa
Centro/agencia transcriptor BNPHU
100 1# - ENTRADA PRINCIPAL--NOMBRE DE PERSONA
Nombre de persona Gállego, Julián
9 (RLIN) 66475
245 10 - MENCIÓN DE TÍTULO
Título Mi portera, París y el arte :
Resto del título crónicas imaginarias /
Mención de responsabilidad, etc. Julián Gállego.
260 ## - PUBLICACIÓN, DISTRIBUCIÓN, ETC.
Lugar de publicación, distribución, etc. Barcelona :
Nombre del editor, distribuidor, etc. Seix Barral,
Fecha de publicación, distribución, etc. 1957.
300 ## - DESCRIPCIÓN FÍSICA
Extensión 176 p. ;
Dimensiones 20 cm.
490 1# - MENCIÓN DE SERIE
Mención de serie Biblioteca breve
830 #0 - PUNTO DE ACCESO ADICIONAL DE SERIE-TÍTULO UNIFORME
Título uniforme Biblioteca breve
9 (RLIN) 13442
Existencias
Estado de retiro Estado de pérdida Restricciones de uso No para préstamo Código de colección Localización permanente Ubicación/localización actual Ubicación en estantería Fecha de adquisición Número de inventario Total de préstamos Signatura topográfica completa Código de barras Fecha visto por última vez Precio válido a partir de Tipo de ítem Koha Nota pública
      Excluido de préstamo Monografías: Libros y Folletos General General En catalogación 20.08.2013 LF1   40208-10 25.06.2020 25.06.2020 No se presta Perteneció a la biblioteca personal de Aída Cartejena Portalatín

Con tecnología Koha